000 01269cam a22003015a 4500
001 18203579
003 USPCAS-E
005 20180118181413.0
008 140627s2013 xxua b 001 0 eng
010 _a 2013909006
020 _a9781932735659 (pbk.)
040 _aDLC
_cDLC
082 _223
_a658.404076
_bMUL-P 2013
100 1 _aMulcahy, Rita.
245 1 0 _aPMP exam prep :
_baccelerated learning to pass PMI's PMP exam /
_cby Rita Mulcahy, PMP, et al.
250 _aEighth edition.
260 _a[S.l.] :
_bRMC Publications, Inc.,
_cc2013
300 _axii, 611 pages :
_billustrations ;
_c28 cm +
_e1 CD-ROM (4 3/4 in.)
500 _a"Aligned with the PMBOK® guide, fifth edition" -- Cover.
500 _aCD-ROM titled: PM fast track® : PMP® exam simulation software Version 8. Demo.
502 _a0
504 _aIncludes bibliographical references and index.
650 0 _aProject management
_vExaminations, questions, etc.
650 0 _aProject management
_xExamination
_vStudy guides.
906 _a0
_bibc
_corigcop
_d2
_encip
_f20
_gy-gencatlg
942 _2ddc
_cBK
999 _c355768
_d355768